| 000 | 01402cad a22002415a 4500 | ||
|---|---|---|---|
| 001 | L152189 | ||
| 008 | 110209s2011 xxkd f s 000 0 eng d | ||
| 035 | _a(Sirsi) u152189 | ||
| 041 | 0 | _aeng | |
| 050 | 0 | 4 | _a338.4569 $2 18 |
| 110 | 2 |
_aNorthumbria University _bSchool of the Built Environment _95649 |
|
| 245 | 0 | 0 |
_aState of trade report _b2010, quarter 4 _h[electronic resource] |
| 260 |
_aLondon _bNational Specialist Contractors Council _c2011 |
||
| 490 | 0 |
_aNSCC State of Trade Report _vFourth Quarter 2010 |
|
| 520 | _aPresents the results for the fourth quarter of 2010. NSCC found that 82% of specialist contractors are having to wait up to 60 days to receive payment. The National Specialist Contractors Council (NSCC) brings together the common aims of 32 specialist trade organisations within the construction industry and is the authoritative voice of specialist contractors in the UK. Includes results for enquiries, orders, labour, workload, skills and skills shortages, price and margin analysis, procurement, comments from specialist contractors. | ||
| 521 | _aAdvanced | ||
| 590 | _aKA NTK | ||
| 650 | 2 | 4 | _aNATIONAL SPECIALIST CONTRACTORS COUNCIL STATE OF TRADE REPORT |
| 651 | 4 |
_aUnited Kingdom _y |
|
| 690 | _aBUILT ENVIRONMENT-CONSTRUCTION MARKET | ||
| 856 | 4 | 0 |
_uhttps://www.nscc.org.uk/documents/Q4-Report.pdf _zView the item free of charge at www.nscc.org.uk |
| 942 | _n0 | ||
| 999 |
_c111915 _d111915 |
||